00694nam a2200181 i 4500001000700000003000900007005001700016007000300033008004100036100002200077245014000099260003800239300003400277650003100311852003100342999001900373952012000392150921ES-MaACL20250717070758.0t|071120s1947 xxk ||||1| eng d1 aDas, M. M.94277810aElectricity b: text book and laboratory manual for Inter B.Sc., Higher School Certificate, University Scholarship, etc. / cM. M. Das. aLondon : bThomas Murby, c[1947] aXI, 483 p. : bil. ; c21 cm.17aElectricidad2embne912159 aES-MaACLjC-4794 bR.25244 c150921d150921 00104070aATENEOMbATENEOMcSPALd2008-01-17eSCl0oC-4794p1157484r2023-02-23 00:00:00w2023-02-23yMONOGRAFIA